[Event "St Petersburg Korchnoi Memorial op"]
[Site "St Petersburg"]
[Date "2023.08.22"]
[Round "7"]
[White "Dodonov, Ivan"]
[Black "Bugaev, Anton"]
[Result "1/2-1/2"]
[WhiteElo "1605"]
[BlackElo "1791"]
[PlyCount "63"]
[EventDate "2023.08.18"]
[EventType "swiss"]
[EventRounds "9"]
[EventCountry "RUS"]
[SourceTitle "EXT 2024"]
[Source "ChessBase"]
[SourceDate "2023.10.10"]
[SourceVersion "1"]
[SourceVersionDate "2023.10.10"]
[SourceQuality "1"]

1. d4 Nf6 2. Nf3 g6 3. Bf4 Bg7 4. e3 0-0 5. Be2 d6 6. h3 Nbd7 7. 0-0 b6 8. Nbd2 Bb7 9. Bh2 Re8 10. c3 e5 11. dxe5 dxe5 12. Qc2 Qe7 13. a4 a6 14. b4 c5 15. Nc4 Nd5 16. e4 Nf4 17. Rfd1 cxb4 18. cxb4 Rec8 19. Qd2 Bxe4 20. Bxf4 exf4 21. Ra2 Rd8 22. Qxf4 Bf5 23. Nd4 Qe4 24. Qc1 Bxd4 25. Bf3 Qh4 26. Bxa8 Rxa8 27. Rad2 Bg7 28. Rxd7 Bxd7 29. Nxb6 Bxa4 30. Nxa4 Qxb4 31. Qc6 Rb8 32. Qxa6 1/2-1/2

[Event "St Petersburg Korchnoi Memorial op"]
[Site "St Petersburg"]
[Date "2023.08.21"]
[Round "5"]
[White "Sediki, Shapur"]
[Black "Bugaev, Anton"]
[Result "1/2-1/2"]
[WhiteElo "1402"]
[BlackElo "1791"]
[PlyCount "116"]
[EventDate "2023.08.18"]
[EventType "swiss"]
[EventRounds "9"]
[EventCountry "RUS"]
[SourceTitle "EXT 2024"]
[Source "ChessBase"]
[SourceDate "2023.10.10"]
[SourceVersion "1"]
[SourceVersionDate "2023.10.10"]
[SourceQuality "1"]

1. e4 c5 2. Nf3 e6 3. Qe2 Nc6 4. g3 d5 5. d3 Nf6 6. Bg2 Be7 7. e5 Nd7 8. 0-0 0-0 9. c4 d4 10. h4 Re8 11. Bh3 Nf8 12. Bf4 Ng6 13. h5 Nxf4 14. gxf4 b5 15. b3 bxc4 16. bxc4 f5 17. Nbd2 Bd7 18. Kh2 Rb8 19. Rg1 Rb2 20. Qf1 Bf8 21. Qc1 Qb8 22. Rg3 Qb4 23. Qe1 Qc3 24. Rc1 Qxd3 25. Bf1 Qa3 26. Nxd4 Qb4 27. Nc2 Qb6 28. Rb3 Rxb3 29. Nxb3 a5 30. Rb1 Rb8 31. Bg2 Nb4 32. Nd2 Qa6 33. Qe2 Rb6 34. Nxb4 cxb4 35. Qd3 Qc8 36. Bf3 a4 37. Kg3 Bc5 38. Rd1 Bc6 39. Bxc6 Rxc6 40. Nf3 Be7 41. Qc2 a3 42. Rc1 Bc5 43. Qd3 Rc7 44. Qb3 Rd7 45. Qa4 Rd3 46. Rd1 Rxd1 47. Qxd1 Be7 48. Qb3 Qc5 49. Qd3 h6 50. Nd4 Qb6 51. Nb3 Qc6 52. f3 Qe8 53. Kf2 Qxh5 54. Qd4 Qh2+ 55. Ke3 Qg1+ 56. Ke2 Qg2+ 57. Ke3 Qg1+ 58. Ke2 Bf8 1/2-1/2

[Event "Cheliabinsk Panchenko Memorial op-A"]
[Site "Cheliabinsk"]
[Date "2021.09.13"]
[Round "1"]
[White "Bugaev, Anton"]
[Black "Nugumanov, Bakhtiyar"]
[Result "0-1"]
[WhiteElo "1889"]
[BlackElo "2357"]
[PlyCount "100"]
[EventDate "2021.09.13"]
[EventType "swiss"]
[EventRounds "10"]
[EventCountry "RUS"]
[SourceTitle "CBM 204 Extra"]
[Source "ChessBase"]
[SourceDate "2021.11.30"]
[SourceVersion "1"]
[SourceVersionDate "2021.11.30"]
[SourceQuality "1"]

1. d4 d5 2. c4 e6 3. Nf3 Nf6 4. g3 Bb4+ 5. Bd2 Be7 6. Bg2 c6 7. 0-0 0-0 8. Qc2 b6 9. Bf4 Ba6 10. b3 Nbd7 11. Rd1 Rc8 12. Ne5 c5 13. Nxd7 Qxd7 14. dxc5 Bxc5 15. Qb2 Qe7 16. cxd5 Nxd5 17. Be5 Rfd8 18. Bxd5 f6 19. Nc3 fxe5 20. Bc4 b5 21. Rxd8+ Rxd8 22. Nxb5 Bxb5 23. Bxb5 Bd4 24. Qc1 Bxa1 25. Qxa1 e4 26. Bc4 Qd6 27. Qc3 Kh8 28. Qe3 Qd4 29. Qxd4 Rxd4 30. Bxe6 Rd2 31. a4 Rxe2 32. Bc4 Rb2 33. Bd5 g5 34. a5 Ra2 35. Bxe4 Rxa5 36. Bd3 Ra3 37. Bc4 g4 38. Kg2 Ra2 39. Be6 Rb2 40. Bc4 Kg7 41. Bd5 a5 42. Be6 Kf6 43. Bg8 h6 44. Bc4 Ke5 45. Bf7 Kd4 46. h3 gxh3+ 47. Kxh3 Rxf2 48. Bc4 a4 49. Bg8 a3 50. b4 a2 0-1

[Event "Chigorin Memorial 27th"]
[Site "St Petersburg"]
[Date "2019.10.09"]
[Round "5"]
[White "Bugaev, Anton"]
[Black "Chereshkevich, Yuri"]
[Result "1/2-1/2"]
[WhiteElo "1758"]
[BlackElo "1478"]
[PlyCount "93"]
[EventDate "2019.10.05"]
[EventType "swiss"]
[EventRounds "9"]
[EventCountry "RUS"]
[SourceTitle "EXT 2020"]
[Source "ChessBase"]
[SourceDate "2019.10.17"]
[SourceVersion "1"]
[SourceVersionDate "2019.10.17"]
[SourceQuality "1"]

1. d4 f5 2. c4 Nf6 3. Nc3 g6 4. Nf3 Bg7 5. b4 d6 6. Bb2 Nbd7 7. d5 c6 8. e3 Nb6 9. Qd2 e5 10. dxc6 bxc6 11. Rd1 Ke7 12. c5 Nbd5 13. Bc4 Be6 14. cxd6+ Qxd6 15. Nxe5 Rac8 16. b5 Qc5 17. Nxc6+ Rxc6 18. bxc6 Qxc4 19. Nxd5+ Bxd5 20. Qa5 Rc8 21. Qxa7+ Kf8 22. Rc1 Qxa2 23. Qxa2 Bxa2 24. 0-0 Bd5 25. Rfd1 Be6 26. Rd6 Ke7 27. Ba3 Kf7 28. Rd2 Ne4 29. Rd3 Be5 30. f3 Nf6 31. Bd6 Bxd6 32. Rxd6 Ke7 33. Rd4 Bd5 34. c7 Be6 35. e4 fxe4 36. fxe4 Ne8 37. Rd8 Rxd8 38. cxd8Q+ Kxd8 39. Kf2 Ke7 40. Ke3 Nf6 41. h3 Nd7 42. Kd4 Kd6 43. Ra1 Nb8 44. e5+ Kc6 45. Rc1+ Kd7 46. Kc5 Ke7 47. Kd4 1/2-1/2

[Event "Sochi Amateur op 6th"]
[Site "Sochi"]
[Date "2019.04.11"]
[Round "7"]
[White "Bugaev, Anton"]
[Black "Eramian, Gamlet"]
[Result "0-1"]
[WhiteElo "1768"]
[BlackElo "1987"]
[PlyCount "92"]
[EventDate "2019.04.07"]
[EventType "swiss"]
[EventRounds "9"]
[EventCountry "RUS"]
[SourceTitle "CBM 189 Extra"]
[Source "ChessBase"]
[SourceDate "2019.06.03"]
[SourceVersion "1"]
[SourceVersionDate "2019.06.03"]
[SourceQuality "1"]

1. c4 c5 2. Nc3 Nf6 3. g3 g6 4. Bg2 Bg7 5. e3 0-0 6. Nge2 d6 7. 0-0 Nc6 8. d4 cxd4 9. exd4 Bf5 10. a3 a6 11. b4 e5 12. Be3 Ng4 13. Rc1 Nxe3 14. fxe3 Rc8 15. Nd5 Bg4 16. Bf3 Bxf3 17. Rxf3 f5 18. Qd2 Kh8 19. Rff1 Qg5 20. Rfd1 Rce8 21. Nc7 Re7 22. Nd5 Ref7 23. b5 Nd8 24. Qb4 f4 25. exf4 Qg4 26. Qe1 exf4 27. Nexf4 Rxf4 28. Nxf4 Rxf4 29. d5 Rf8 30. Qd2 Nf7 31. Rf1 Bh6 32. Qd1 Be3+ 33. Kg2 Qe4+ 34. Qf3 Qxf3+ 35. Kxf3 Bxc1 36. Rxc1 Ng5+ 37. Kg2 Ne4 38. Re1 Nd2 39. Rc1 Rc8 40. bxa6 bxa6 41. Kf2 Rxc4 42. Re1 Ne4+ 43. Kf3 Ng5+ 44. Kg2 Rc3 45. a4 Nf7 46. Re7 Kg7 0-1

[Event "Sochi Amateur op 6th"]
[Site "Sochi"]
[Date "2019.04.07"]
[Round "1"]
[White "Afonasieva, Anna"]
[Black "Bugaev, Anton"]
[Result "1-0"]
[WhiteElo "2209"]
[BlackElo "1768"]
[PlyCount "55"]
[EventDate "2019.04.07"]
[EventType "swiss"]
[EventRounds "9"]
[EventCountry "RUS"]
[SourceTitle "CBM 189 Extra"]
[Source "ChessBase"]
[SourceDate "2019.06.03"]
[SourceVersion "1"]
[SourceVersionDate "2019.06.03"]
[SourceQuality "1"]

1. d4 Nf6 2. Nf3 g6 3. c4 Bg7 4. g3 0-0 5. Bg2 d5 6. cxd5 Nxd5 7. 0-0 Nb6 8. e4 Bg4 9. d5 e6 10. h3 Bxf3 11. Qxf3 exd5 12. exd5 Qf6 13. Nc3 Qxf3 14. Bxf3 N8d7 15. Bf4 Be5 16. Bh6 Rfd8 17. Rac1 Nc5 18. Rfd1 Nca4 19. Nxa4 Nxa4 20. Re1 Re8 21. b3 Nb2 22. Rxe5 Rxe5 23. Rxc7 Rf5 24. d6 Rxf3 25. d7 Rd8 26. Rc8 f6 27. Rxd8+ Kf7 28. Rf8+ 1-0

[Event "Sochi ChessAmateur op"]
[Site "Sochi"]
[Date "2018.04.07"]
[Round "9"]
[White "Antipin, Sergei"]
[Black "Bugaev, Anton"]
[Result "1/2-1/2"]
[WhiteElo "1972"]
[BlackElo "1516"]
[PlyCount "45"]
[EventDate "2018.04.01"]
[EventType "swiss"]
[EventRounds "9"]
[EventCountry "RUS"]
[SourceTitle "CBM 184 Extra"]
[Source "ChessBase"]
[SourceDate "2018.06.28"]
[SourceVersion "1"]
[SourceVersionDate "2018.06.28"]
[SourceQuality "1"]

1. d4 Nf6 2. c4 e6 3. Nc3 Bb4 4. e3 b6 5. Nf3 Bb7 6. Be2 0-0 7. 0-0 Bxc3 8. bxc3 c5 9. Re1 d5 10. Ba3 Qc7 11. Rc1 Rd8 12. cxd5 exd5 13. c4 Nbd7 14. h3 Rac8 15. Bb2 Ne4 16. Bd3 Ndf6 17. Ne5 Qe7 18. Qe2 dxc4 19. Bxc4 Nd6 20. Bd3 cxd4 21. Bxd4 Rc7 22. Qb2 Rxc1 23. Rxc1 1/2-1/2

[Event "Sochi ChessAmateur op"]
[Site "Sochi"]
[Date "2018.04.02"]
[Round "3"]
[White "Bugaev, Anton"]
[Black "Smelykh, Edvin"]
[Result "1-0"]
[WhiteElo "1516"]
[BlackElo "1970"]
[PlyCount "59"]
[EventDate "2018.04.01"]
[EventType "swiss"]
[EventRounds "9"]
[EventCountry "RUS"]
[SourceTitle "CBM 184 Extra"]
[Source "ChessBase"]
[SourceDate "2018.06.28"]
[SourceVersion "1"]
[SourceVersionDate "2018.06.28"]
[SourceQuality "1"]

1. d4 Nf6 2. c4 e6 3. Nf3 b6 4. g3 Bb7 5. Bg2 Be7 6. 0-0 0-0 7. Nc3 Ne4 8. Nd2 Nxc3 9. bxc3 Bxg2 10. Kxg2 f5 11. e4 fxe4 12. Nxe4 Qe8 13. f4 Qg6 14. Qf3 Nc6 15. Kh1 Rae8 16. Bd2 Na5 17. g4 Nxc4 18. f5 Nxd2 19. Nxd2 exf5 20. gxf5 Qc6 21. d5 Qh6 22. Ne4 Bh4 23. Rg1 Kh8 24. Raf1 Re5 25. c4 Rfe8 26. Rg4 Bf6 27. Rfg1 Qh5 28. Nxf6 Rxf5 29. Nxh5 Rxf3 30. Rxg7 1-0

[Event "Sochi ChessAmateur op"]
[Site "Sochi"]
[Date "2018.04.01"]
[Round "1"]
[White "Bugaev, Anton"]
[Black "Proleiko, Julian"]
[Result "0-1"]
[WhiteElo "1516"]
[BlackElo "2160"]
[PlyCount "84"]
[EventDate "2018.04.01"]
[EventType "swiss"]
[EventRounds "9"]
[EventCountry "RUS"]
[SourceTitle "CBM 184 Extra"]
[Source "ChessBase"]
[SourceDate "2018.06.28"]
[SourceVersion "1"]
[SourceVersionDate "2018.06.28"]
[SourceQuality "1"]

1. d4 e6 2. c4 Bb4+ 3. Bd2 Bxd2+ 4. Nxd2 Nf6 5. Ngf3 0-0 6. e3 d6 7. Bd3 Nc6 8. a3 a5 9. 0-0 Qe7 10. Qc2 e5 11. d5 Nb8 12. e4 a4 13. b3 axb3 14. Nxb3 Na6 15. Nfd2 Nh5 16. Be2 Nf4 17. Bf3 g6 18. Rfe1 b6 19. Nc1 Qg5 20. Kh1 Nc5 21. Ndb3 Nxb3 22. Qxb3 Bd7 23. Ne2 Nxe2 24. Rxe2 Ra5 25. g3 Rfa8 26. Qe3 Qxe3 27. Rxe3 Kg7 28. Be2 f5 29. f3 Kf6 30. Kg2 f4 31. Rc3 h5 32. h3 fxg3 33. Kxg3 g5 34. Bf1 Rc5 35. Rac1 Kg6 36. Kf2 Rf8 37. Ke3 Rf4 38. Bg2 Ra5 39. Rb1 Rc5 40. Rbc1 Rh4 41. Rh1 Kf6 42. Kf2 Ra5 0-1